| 000 | 00704nam a2200277Ia 4500 | ||
|---|---|---|---|
| 008 | 160803s9999 xx 000 0 und d | ||
| 020 | _a0 590130005 | ||
| 100 | _aBourgeois, Paulette | ||
| 245 | _aFranklin's secret club / | ||
| 245 | _cwritten by Paulette Bourgeois ; illustrated by Brenda Clark. | ||
| 260 | _aNew York : | ||
| 260 | _bScholastic Inc. | ||
| 260 | _c1998 | ||
| 300 | _a1 volume (unpaged) : | ||
| 300 | _bcolor illustrations ; | ||
| 300 | _c23 cm | ||
| 650 | _aAnimals -- | ||
| 650 | _aClubs -- | ||
| 650 | _aFriendship -- | ||
| 650 | _aTurtles -- | ||
| 650 | _xFiction. | ||
| 650 | _xFiction. | ||
| 650 | _xFiction. | ||
| 650 | _xFiction. | ||
| 700 | _a530 | ||
| 999 |
_c299159 _d299159 |
||